| 000 | 03366nam a2200325 i 4500 | ||
|---|---|---|---|
| 003 | EG-GICUC | ||
| 005 | 20260427182955.0 | ||
| 008 | 260427s2008 ua |||fr|||| 00| 0 ara d | ||
| 040 |
_a EG-GICUC _bara _c EG-GICUC _d EG-GICUC _erda |
||
| 041 | 0 | _aAra | |
| 082 | 0 | 4 |
_221 _a343.3807 _bم ج . م |
| 092 | 0 | 4 | _221 |
| 099 | _aLaw1 10 343.3807 م ج . م 2008 | ||
| 100 | 0 |
_aمجدى محمود محب حافظ _eمؤلف. |
|
| 245 | 1 | 0 |
_aموسوعة العدالة فى أحكام النقض الجنائى فى عشر سنوات من 1997 - 2007. _nالجزء الثانى، _pإضرار غير عمدى إعانة الجناة على الفرار إعدام . أعذار قانونية . اعلام وراثة - إعلان - إفلاس إكراه * التماس إعادة النظر * ميعاده * شروطه - إلحاق المصريين للعمل بالخارج * الرقابة على المعادن الثمينة . العمل لدى جهة أجنبية بغير إذن * أمر بالأوجه لإقامة الدعوى * أمر حفظ بطلان ، بلاغ كاذب * بناها بناء على أرض زراعية * بينة * تبديد * تبوير أرض زراعية * إهانة الموظف العام ، أو أمر عسكرية * إيجار أماكن * بطلان .. ر تجمهره تداخل في وظيفة عمومية * تريح : تربية الدواجن أعلى سطح العقار * ترصد و تزوير والطعن بالتزوير و التزوير اوراق رسمية * التزوير في أوراق عرفية + إثبات التزوير و الإشتراك في التزوير + طبيعة جريمة التزوير * تسجيل المحادثات و تعدى على تفتيش * التفتيش الوقائي * التفتيش بإذن و التفتيش بغير إذن * إذن التفتيش * أملاك الدولة : تعدى على موظف عام + تعذيب * تعويض تفت بياناته والتوقيع عليه * إصداره و تنفيذه و تفتيش الأنثى * تقادم * تقرير تلخيص و تقسيم و تقليد * تلبس * تلقى الأموال - جريمة : أركانها الجريمة المستحيلة و الجريمة المستمرة - جرائم الجلسات . جمارك * حريق عمد : حكم * إصداره * بيانات الديباجة * وضعه والتوقيع عليه * وصفه * حجيته و تصحيحه : سقوطه بطلانه * إيداعه : بيانات حكم الإدانة * بيانات التسبيب / _cتأليف دكتور مجدى محمود محب حافظ. |
| 264 | 1 |
_aالقاهرة : _bدار شادى، _bدار العدالة، _c2008. |
|
| 300 |
_a579 - 1064 ؛صفحة _c24 سم. _bإيضاحيات، صور، مثيليات ؛ |
||
| 336 |
_2rda content _atext |
||
| 337 |
_2rda media _aComputer |
||
| 338 |
_2rda carrier _aOnline Resource |
||
| 504 | _a. 240-220 ببليوجرافيا: صفحات. | ||
| 505 | _aالجزء الثانى يحتوى من حرف الألف إلى حرف الحاء | ||
| 546 | _aالنص باللغة العربية | ||
| 650 | 1 |
_aالأحكام الجنائية _xأحكام النقض _2qrmak |
|
| 650 | 1 |
_aالقانون الجنائى _2qrmak |
|
| 651 | 1 | _2qrmak | |
| 856 | 4 | 0 | _uhttps://fll.law.cu.edu.eg/fulltext/bks/B10-10696.pdf |
| 905 | _a54 | ||
| 942 |
_2ddc _cBK _e21 _n0 |
||
| 999 |
_c73719 _d73719 |
||